[Event "AUT-chT2W 1617"]
[Site "Austria"]
[Date "2016.10.30"]
[Round "3.1"]
[White "Bertagnolli, Alexander"]
[Black "Krivoborodov, Egor"]
[Result "1/2-1/2"]
[WhiteElo "2375"]
[BlackElo "2519"]
[PlyCount "62"]
[EventDate "2016.10.28"]
[EventType "team-tourn"]
[EventRounds "11"]
[EventCountry "AUT"]
[SourceTitle "EXT 2018"]
[Source "ChessBase"]
[SourceDate "2017.10.13"]
[SourceVersion "1"]
[SourceVersionDate "2017.10.13"]
[SourceQuality "1"]
[WhiteTeam "Kufstein/Woergl"]
[BlackTeam "Salzburg ASK"]
[WhiteTeamCountry "AUT"]
[BlackTeamCountry "AUT"]

1. e4 c5 2. d3 d6 3. d4 Nf6 4. dxc5 Nc6 5. f3 dxc5 6. Qxd8+ Kxd8 7. Be3 e5 8. Bb5 Kc7 9. Bxc6 Kxc6 10. c4 Be6 11. b3 b5 12. cxb5+ Kxb5 13. Na3+ Kb4 14. Nc2+ Ka5 15. Bd2+ Kb6 16. Ne3 Be7 17. Ne2 Rhc8 18. Nc4+ Bxc4 19. bxc4 Kc6 20. Nc3 Rab8 21. Ke2 Bd8 22. Rab1 Nd7 23. Nd5 Rxb1 24. Rxb1 Rb8 25. Rxb8 Nxb8 26. f4 exf4 27. Bxf4 Nd7 28. Kd3 Nf8 29. Be5 Ne6 30. Nf4 Bf6 31. Bb8 Nxf4+ 1/2-1/2

[Event "Caldaro Puntay op-A 1st"]
[Site "Caldaro"]
[Date "2016.10.21"]
[Round "1"]
[White "Bertagnolli, Alexander"]
[Black "Tencati, Giuseppe"]
[Result "1-0"]
[WhiteElo "2375"]
[BlackElo "2052"]
[PlyCount "48"]
[EventDate "2016.10.21"]
[EventType "swiss"]
[EventRounds "5"]
[EventCountry "ITA"]
[SourceTitle "EXT 2018"]
[Source "ChessBase"]
[SourceDate "2017.10.13"]
[SourceVersion "1"]
[SourceVersionDate "2017.10.13"]
[SourceQuality "1"]

1. e4 e6 2. d4 d5 3. exd5 exd5 4. Bd3 Bd6 5. Qf3 c6 6. Ne2 h6 7. 0-0 Nf6 8. h3 0-0 9. Be3 Re8 10. Nd2 Nbd7 11. Rae1 Nf8 12. g4 N8h7 13. Ng3 Qc7 14. Qg2 Bd7 15. Nf3 g5 16. Ne5 Rxe5 17. dxe5 Bxe5 18. c3 c5 19. Nf5 Bxf5 20. Bxf5 Re8 21. h4 Ne4 22. c4 Nhf6 23. cxd5 Bxb2 24. f4 Nc3 1-0

[Event "ITA-chT 48th"]
[Site "Civitanova Marche"]
[Date "2016.04.28"]
[Round "2.5"]
[White "Bertagnolli, Alexander"]
[Black "Altini, Nicola"]
[Result "1-0"]
[WhiteElo "2376"]
[BlackElo "2413"]
[PlyCount "107"]
[EventDate "2016.04.27"]
[EventType "team-swiss"]
[EventRounds "7"]
[EventCountry "ITA"]
[SourceTitle "CBM 172 Extra"]
[Source "ChessBase"]
[SourceDate "2016.06.21"]
[SourceVersion "1"]
[SourceVersionDate "2016.06.21"]
[SourceQuality "1"]
[WhiteTeam "Perugia Euro Scacchi"]
[BlackTeam "Montesilvano Arrocco"]
[WhiteTeamCountry "ITA"]
[BlackTeamCountry "ITA"]

1. Nf3 d5 2. c4 d4 3. e3 Nc6 4. exd4 Nxd4 5. Nxd4 Qxd4 6. Nc3 c6 7. d3 Nh6 8. h3 Nf5 9. g4 Nh4 10. Bg5 Ng6 11. Qd2 e5 12. 0-0-0 Be7 13. Bxe7 Nxe7 14. Re1 Be6 15. Re4 Qc5 16. d4 exd4 17. Na4 Qd6 18. Rxd4 Qc7 19. Nc5 b6 20. Nxe6 fxe6 21. Qe3 e5 22. Re4 0-0 23. Rxe5 Ng6 24. Re6 Qf7 25. Bd3 Qxf2 26. Qxf2 Rxf2 27. Bxg6 hxg6 28. Rd1 c5 29. Rd7 Rf7 30. Ree7 Rxe7 31. Rxe7 g5 32. Kd2 Kh7 33. a4 Kg6 34. a5 bxa5 35. Re6+ Kf7 36. Ra6 Rh8 37. Rxa5 Rxh3 38. Rxc5 Rg3 39. Rxg5 Kf6 40. Ra5 Rxg4 41. Kc3 Rg1 42. Rxa7 g5 43. b4 g4 44. Ra2 Ke5 45. b5 g3 46. Kb4 Kd4 47. Rd2+ Ke3 48. Rb2 Rf1 49. b6 Rf2 50. Rb3+ Kd4 51. Rxg3 Rb2+ 52. Rb3 Rc2 53. b7 Rxc4+ 54. Ka3 1-0